01418nam a2200265Ia 4500001000600000003000900006008004100015040001300056040001300069041001300082100001100095100002900106245003700135245003700172250001100209260002300220260001200243260004900255300005700304500068300361650002101044650003101065700002701096700002901123G7831IT-RoPAU130308s9999 xx 000 0 und d aIT-RoPAU cIT-RoPAU aITALIANO aAA.VV. gCodice Aut. SPICS: 12000 aCinema delle parabole (Il)-Vol.2 bCinema delle parabole (Il)-Vol.2 a1a ed. aCANTALUPA (TORINO) bEffata' c2000 [1° Ed.:2000 - Ed.Ling.Originale:2000] a"144 p. (prefazione: no ; testo: 144 [pagine: 0-0])" a"Introduzione e cura del Volume da parte di D. Vigano'. Continuazione del Primo Volume, con Riflessioni su registi che Sono dei classici nella Storia del Cinema e Ai Quali per Primi forse si Puo' Accostare Il Concetto di Parabola: Dreyer, Bresson, Bunuel, Bergman. in Appendice Schede e brevi Note Critiche di Enrico Danesi Sui Film: Affliction di Paul Schrader (1997); al Dilà della Vita di Martin Scorsese (1999); Conversazioni private di Liv Ullmann (1996); Festen festa in Famiglia di Thomas Vinterberg (1998); Kadosh di Amos Gitai (1999); L'Età Inquieta di Bruno Dumont (1996); Rosetta di Luce Jean Pierre Dardenne (1999); tutto su mia madre di Pedro Almodovar (1999)." aSAGGI SUL CINEMA eCodice materia Spics: 6811 aViganò Dario Edoardo gCodice Aut. SPICS: 41802